| 000 | 01032njm a22002657a 4500 | ||
|---|---|---|---|
| 005 | 20100922143856.0 | ||
| 007 | sd ammalaaahaa | ||
| 008 | 100913t xxu||||| |||| 00| 0 hin d | ||
| 028 |
_aELRZ.22 _bREGAL |
||
| 035 | _aGR-01986 | ||
| 040 | _aSED/VEN | ||
| 100 |
_aSen, Arghya _91184 |
||
| 245 |
_aGems for ever / _csung by Arghya Sen...[et.al]; lyric & tune by Rabindra Nath Tagore _h[sound recording] : |
||
| 246 | _aगेम्स फॉर एवर / | ||
| 260 |
_aDum Dum India _bREGAL _c1969 |
||
| 300 |
_a1 sound disc [Gramophone record] : _banalog, 33 1/3 rpm _c12.5 in. (LP) _fGramophone Record |
||
| 500 | _aBrief Record | ||
| 500 | _aRecord label : REGAL, Blue | ||
| 505 | _aSide-1 Pathahara tumi pathak (Arghya Sen) -- Side-2 Golap phul phutiye achhe (Dwijen Mukherjee) | ||
| 600 |
_aNandy, Batuk _921152 |
||
| 650 |
_aVocal music _xExcerpts _zIndia _919603 |
||
| 700 |
_aTagore, Rabindra Nath _921167 |
||
| 942 |
_2ddc _cGR |
||
| 999 |
_c47524 _d47524 |
||